[Event "Barcelona Sant Marti op 9th"]
[Site "Barcelona"]
[Date "2020.02.27"]
[Round "7"]
[White "Sumed Castillo, Alejandro"]
[Black "Ibanez Riquelme, Sergio"]
[Result "1-0"]
[WhiteElo "1466"]
[BlackElo "1744"]
[PlyCount "53"]
[EventDate "2020.01.16"]
[EventType "swiss"]
[EventRounds "9"]
[EventCountry "ESP"]
[SourceTitle "CBM 195 Extra"]
[Source "ChessBase"]
[SourceDate "2020.05.31"]
[SourceVersion "1"]
[SourceVersionDate "2020.05.31"]
[SourceQuality "1"]

1. d4 c5 2. d5 Nf6 3. Nc3 g6 4. e4 d6 5. Bb5+ Nbd7 6. a4 Bg7 7. Nf3 0-0 8. a5 a6 9. Be2 Ng4 10. Nd2 Nde5 11. h3 Nf6 12. f4 Ned7 13. Nc4 b5 14. axb6 Nxb6 15. 0-0 Bd7 16. e5 dxe5 17. fxe5 Nh5 18. Nxb6 Qxb6 19. Bxh5 gxh5 20. Qxh5 c4+ 21. Kh1 Qd4 22. Bh6 Bxh6 23. Qxh6 Qxe5 24. Rae1 Qd6 25. Qg5+ Qg6 26. Qxe7 Bb5 27. Ne4 1-0

[Event "Barcelona Sant Marti op 1st"]
[Site "Barcelona"]
[Date "2012.01.26"]
[Round "1"]
[White "Larino Nieto, David"]
[Black "Ibanez Riquelme, Sergio"]
[Result "1-0"]
[WhiteElo "2442"]
[BlackElo "1787"]
[PlyCount "25"]
[EventDate "2012.01.26"]
[EventType "swiss"]
[EventRounds "9"]
[EventCountry "ESP"]
[SourceTitle "EXT 2013"]
[Source "ChessBase"]
[SourceDate "2012.11.22"]
[SourceVersion "1"]
[SourceVersionDate "2012.11.22"]
[SourceQuality "1"]

1. d4 Nf6 2. c3 b6 3. Bg5 e6 4. Nd2 Bb7 5. e4 h6 6. Bxf6 Qxf6 7. Ngf3 c5 8. Bd3 Ba6 9. e5 Qd8 10. Ne4 d5 11. exd6 Bxd6 12. Bxa6 0-0 13. Bb7 1-0

[Event "Barcelona Primavera La Lira op 4th"]
[Site "Barcelona"]
[Date "2011.06.02"]
[Round "9"]
[White "Ibanez Riquelme, Sergio"]
[Black "Colom Andres, Xavier"]
[Result "1-0"]
[WhiteElo "1769"]
[BlackElo "1966"]
[PlyCount "67"]
[EventDate "2011.03.31"]
[EventType "swiss"]
[EventRounds "9"]
[EventCountry "ESP"]
[SourceTitle "EXT 2012"]
[Source "ChessBase"]
[SourceDate "2011.11.24"]
[SourceVersion "1"]
[SourceVersionDate "2011.11.24"]
[SourceQuality "1"]

1. e4 c6 2. d4 d5 3. Bd3 dxe4 4. Bxe4 Nf6 5. Nc3 Nxe4 6. Nxe4 Bf5 7. Ng3 Bg6 8. Nf3 Nd7 9. 0-0 e6 10. Bg5 Qa5 11. c3 Bd6 12. Ne2 Bh5 13. Bf4 Qc7 14. Bxd6 Qxd6 15. Ng5 Nf6 16. f3 Bg6 17. Qd2 h6 18. Nh3 0-0-0 19. Nhf4 Bf5 20. Ng3 Bh7 21. Rae1 Kb8 22. Ne4 Bxe4 23. fxe4 e5 24. Ne2 exd4 25. Qxd4 Qe6 26. Qb4 Rhe8 27. Nd4 Qc8 28. e5 c5 29. Qc4 Ng4 30. Nf3 Qc7 31. Qxg4 Re6 32. Rd1 Rde8 33. b4 Rg6 34. Qd7 1-0

[Event "Barcelona Primavera La Lira op 4th"]
[Site "Barcelona"]
[Date "2011.04.14"]
[Round "3"]
[White "Garcia Extremera, Manuel"]
[Black "Ibanez Riquelme, Sergio"]
[Result "0-1"]
[WhiteElo "1515"]
[BlackElo "1769"]
[PlyCount "86"]
[EventDate "2011.03.31"]
[EventType "swiss"]
[EventRounds "9"]
[EventCountry "ESP"]
[SourceTitle "EXT 2012"]
[Source "ChessBase"]
[SourceDate "2011.11.24"]
[SourceVersion "1"]
[SourceVersionDate "2011.11.24"]
[SourceQuality "1"]

1. d4 d5 2. c4 e6 3. Nf3 Nf6 4. Nc3 Be7 5. cxd5 exd5 6. Bg5 h6 7. Bf4 0-0 8. Nb5 Bb4+ 9. Nd2 Na6 10. Rc1 c6 11. Nc3 Bf5 12. a3 Ba5 13. h3 Nc7 14. e3 Re8 15. Be2 Ne6 16. Be5 Rc8 17. b4 Bc7 18. Nf3 Nf8 19. Bxc7 Rxc7 20. Bd3 Bg6 21. 0-0 Ne4 22. Ne5 Qd6 23. Qe2 Nxc3 24. Rxc3 Bxd3 25. Nxd3 Rce7 26. Ne5 Ng6 27. f4 Nxe5 28. fxe5 Qg6 29. Rf4 a6 30. Qf3 Qb1+ 31. Kh2 Qb2 32. e4 dxe4 33. Rxe4 Re6 34. Rg4 f5 35. Qxf5 Qxc3 36. Rg6 Rxg6 37. Qxg6 Rf8 38. Qe6+ Kh8 39. Qd6 Rg8 40. e6 Qe3 41. e7 Re8 42. d5 Qxe7 43. Qc5 Qe5+ 0-1